| 000 | 00848cam a2200289 i 4500 | ||
|---|---|---|---|
| 001 | 22196436 | ||
| 003 | OSt | ||
| 005 | 20260116065739.0 | ||
| 008 | 190215t20192019ii b 001 0 eng | ||
| 010 | _a 2020335915 | ||
| 020 | _a0367147629 | ||
| 040 | _cn | ||
| 082 | _a305.42 BAN | ||
| 245 | 0 | 0 |
_aCaste and gender in contemporary India : _bpower, privilege and politics / _cSupurna Banerjee and Nandini Ghosh. |
| 250 | _aSouth Asia edition. | ||
| 264 | 1 |
_aNew York : _bRoutledge, _c2019. |
|
| 264 | 2 |
_aNew Delhi, India : _bManohar Publishers & Distributors. |
|
| 300 |
_axv, 242 p ; _c23 cm |
||
| 650 | 0 |
_aCaste _zIndia. |
|
| 650 | 0 |
_aSex discrimination _zIndia. |
|
| 650 | 7 | _aCaste. | |
| 650 | 7 | _aSex discrimination. | |
| 650 | 7 | _aSocial conditions. | |
| 651 | 0 |
_aIndia _xSocial conditions. |
|
| 651 | 7 | _aIndia. | |
| 942 |
_2ddc _cBK |
||
| 999 |
_c113285 _d113285 |
||